000 01032nam0a2200289 i 4500
001 RU\NLR\bibl\2022872
005 20240921191417.0
010 _a9785227041111
_910000
021 _aRU
_b2013-22604
_91585
035 _a(NLR Aleph) 002011039
090 _a4457791
_c4457791
100 _a20130411d2013 u y0rusy50 ca
101 1 _arus
_ceng
102 _aRU
105 _ay |||||||||
200 1 _aСорвать маску
_eроман
_e[для возрастной категории 16+]
_fМаргарет Макфи
_g[пер. с англ. Г.Ю. Чепелевской]
_gАрлекин
210 _aМосква
_cЦентрполиграф
_d2013
215 _a285, [1] с.
_d17
225 1 _aИсторический роман
_v017
686 _aШ6(4Вл)67-440.4{Лх1299-50}
700 1 _4070
_7ca
_8fre
_aМакфи
_bМ.
_f1967-
_gМаргарет
_9183062
_3RU\NLR\AUTH\770183113
801 0 _aRU
_bNLR
_c20130411
_gRCR
801 1 _aRU
_bNLR
_c20130411
942 _cBOOK
980 _aNBR